| 000 | 00580nam a2200217Ia 4500 | ||
|---|---|---|---|
| 005 | 20250508164758.0 | ||
| 008 | 008 250505s9999 xx 000 0 hin d | ||
| 020 | _a81-7055-644-9 | ||
| 037 | _aTextBook | ||
| 040 |
_aFEDL _beng _cFEDL |
||
| 041 |
_ahin _2hin |
||
| 084 |
_a301.0954, RAJ/R _qFEDL |
||
| 100 |
_aRajkishor Ed. _9779142 |
||
| 245 | 0 | _aBachhe aur hum | |
| 260 |
_aNew Delhi, India _bVani Prakashan _c2005 |
||
| 300 | _a151p. | ||
| 365 |
_aINR _b6000 |
||
| 546 | _aSIX VOLUME SET | ||
| 942 |
_cTB _h301.0954, RAJ/R |
||
| 999 |
_c1391104 _d1391104 |
||